| 000 | 00837nam a2200277Ia 4500 | ||
|---|---|---|---|
| 003 | OSt | ||
| 005 | 20221006153150.0 | ||
| 006 | a|||||r|||| 00| 0 | ||
| 007 | ta | ||
| 008 | 221006b |||||||| |||| 00| 0 jpn d | ||
| 020 | _a1923021028008 | ||
| 020 |
_a9784250970283 _c¥2800 |
||
| 024 | _a31,469 | ||
| 037 |
_bGift, Donated By Prof. Sonoko Hijikata _cTextual |
||
| 040 |
_aEASL _cEASL _bjpn |
||
| 041 |
_2jpn _ajpn |
||
| 082 | _aV42:1941,(zM).N45, N7 | ||
| 100 |
_aKASAHARA Tokushi _9662687 |
||
| 245 | 0 | _aChina war (1937-1945 and the Japanese Imperial Navy | |
| 260 |
_aTokyo _bAoki Shoten Japan _c1997 |
||
| 300 |
_a342p. _ccm. |
||
| 490 | _v JL | ||
| 650 | _aJL | ||
| 942 |
_hV42:1941,(zM).N45, N7 _cTEXL _2CC |
||
| 999 |
_c1099555 _d1099555 |
||